Know your Capital City. (Record no. 22295)

MARC details
000 -LEADER
fixed length control field 01086cam a22002771 4500
001 - CONTROL NUMBER
control field e 58000028
003 - CONTROL NUMBER IDENTIFIER
control field DLC
005 - DATE AND TIME OF LATEST TRANSACTION
control field 20260227111236.0
008 - FIXED-LENGTH DATA ELEMENTS--GENERAL INFORMATION
fixed length control field 771104s1958 xx 000 0 eng
010 ## - LIBRARY OF CONGRESS CONTROL NUMBER
LC control number e 58000028
035 ## - SYSTEM CONTROL NUMBER
System control number (OCoLC)3394922
040 ## - CATALOGING SOURCE
Original cataloging agency DLC
Transcribing agency NjJS
Modifying agency NjJS
-- DLC
042 ## - AUTHENTICATION CODE
Authentication code premarc
050 00 - LIBRARY OF CONGRESS CALL NUMBER
Classification number L111
Item number .A6 1958, no. 15
051 ## - LIBRARY OF CONGRESS COPY, ISSUE, OFFPRINT STATEMENT
Classification number F199
Item number .W7 1958
082 ## - DEWEY DECIMAL CLASSIFICATION NUMBER
Classification number 917.53
100 1# - MAIN ENTRY--PERSONAL NAME
Personal name Willcockson, Mary
245 10 - TITLE STATEMENT
Title Know your Capital City.
Statement of responsibility, etc. First ed. by Mary Willcockson, brought up to date by Juanita Winn.
260 ## - PUBLICATION, DISTRIBUTION, ETC.
Place of publication, distribution, etc. [Washington]
Name of publisher, distributor, etc. U.S. Dept. of Health, Education and Welfare, Office of Education
Date of publication, distribution, etc. [1958]
300 ## - PHYSICAL DESCRIPTION
Extent vi, 49 p.
Other physical details illus.
Dimensions 24 cm.
410 10 - SERIES STATEMENT/ADDED ENTRY--CORPORATE NAME [OBSOLETE, CAN/MARC], [LOCAL, USA]
Corporate name or jurisdiction name as entry element United States.
Subordinate unit Office of Education.
Title of a work Bulletin 1958,
Volume number/sequential designation no. 15
501 ## - WITH NOTE
With note Copies 1 and 2 of L111.A6 with: Organizing districts for better schools / Charles Ocelus Fitzwater. Washington : Govt. Print. Off., 1958. Bound together subsequent to publication.
Institution to which field applies DLC
504 ## - BIBLIOGRAPHY, ETC. NOTE
Bibliography, etc. note Bibliography: p. 45-46.
651 #0 - SUBJECT ADDED ENTRY--GEOGRAPHIC NAME
Geographic name Washington (D.C.)
General subdivision Description and travel.
700 1# - ADDED ENTRY--PERSONAL NAME
Personal name Winn, Juanita

No items available.

Powered by Koha